Pagos mensuales del I.V.A.

Bibliographic Details
Main Author: Domn̕guez Orozco, Jaime
Format: eBook
Language:Spanish
Published: Mx̌ico D.F.: Ediciones Fiscales ISEF, 2015
Subjects:
Online Access:Acceso restringido

MARC

LEADER 00000nam a22000007a 4500
005 20150323185912.0
007 cr|||| ||||
008 150323s2015 mx |||||s|||| 00||0 spa d
020 |a 978-368-726-866-6 
035 |a 12628 
040 |a vLex 
090 |c 5376  |d 5376 
100 1 |a Domn̕guez Orozco, Jaime  
245 1 0 |a Pagos mensuales del I.V.A.  |h [Recurso electrn̤ico] /  |c Jaime Domn̕guez Orozco  
256 |a Servicio en ln̕ea 
260 |a Mx̌ico D.F.:  |b Ediciones Fiscales ISEF,  |c 2015 
300 |a 1 recurso electrn̤ico 
506 1 |a Contenido disponible en los productos indicados  |d vLex Global  |d vLex Global (Academic Edition, excluding Law Schools)  |d vLex Global (U.S. Academic Edition, Law Schools)  |d vLex Global (U.S. Academic Edition, excluding Law Schools)  |d vLex Global (Academic Edition, Law Schools) 
650 0 4 |2 Impuesto sobre el valor aądido  |z Mx̌ico 
740 0 |a vLex Libros (Servicio en ln̕ea) 
856 4 0 |u http://vlex.com/source/pagos-mensuales-iva-12628  |z Acceso restringido 
942 |c BOOK 
999 0 |a Value-added tax